00329nam a2200121Ia 4500008004000000082001700040100002900057245003100086250000500117260004800122300000800170650002900178210210b1975 xxu||||| |||| 00| 0 eng d a657.042 SHUP aSHUKLA (M C) and others. aPrinciples of accountancy. a aNew Delhi.bEurasia Publishing House,c1975 a486 aPrinciples Accountancy